International journal of sociology & social policy

Bibliographic Details
Previous Title:Scottish journal of sociology
Corporate Author: MCB University Press
Format: Electronic Journal
Language:English
Published: Bradford, England : MCB University Press
Subjects:
Online Access:Full text available from Research Library: 08/31/1995 to 1 year ago

MARC

LEADER 00000nas a2200000 a 4500
001 ssj0005372
003 WaSeSS
005 20200512172242.0
006 m d
007 cr n
008 001109c19819999enkmr pss b 0 a0eng c
010 |a  00253517  
015 |a GBB3A7348  |2 bnb 
016 7 |a 012433542  |2 Uk 
022 |a 1758-6720  |l 0144-333X  |y 0144-333X 
035 |a (WaSeSS)ssj0005372 
037 |b MCB University Press Limited, 60/62 Toller Lane, Bradford, West Yorkshire, England BD8 9BY 
040 |a WAU  |b eng  |e pn  |c WAU  |d OCLCQ  |d IUL  |d OCLCQ  |d GUA  |d OCLCQ  |d VRC  |d OCLCQ  |d OCLCF  |d OCLCO  |d OCLCQ  |d DLC  |d NLE  |d UKMGB  |d VT2  |d WaSeSS 
042 |a pcc 
050 0 0 |a HM1 
130 0 |a International journal of sociology & social policy (Online) 
210 0 |a Int. j. sociol. soc. policy  |b (Online) 
222 0 |a International journal of sociology and social policy  |b (Online) 
245 1 0 |a International journal of sociology & social policy  |h [electronic resource]. 
246 3 |a International journal of sociology and social policy 
260 |a Bradford, England :  |b MCB University Press 
310 |a Twelve no. a year 
362 1 |a Print began with vol. 1, issue 1 (1981). 
506 |a License restrictions may limit access. 
515 |a Some issues combined. 
538 |a Mode of access: World Wide Web. 
588 |a Description based on: Vol. 18, issue 1 (1998); title from introductory page, viewed July 29, 2002. 
588 |a Latest issue consulted: Vol. 37, issue 1/2 (2017) (Emerald Insight website, viewed Feb. 8, 2017). 
650 0 |a Sociology  |v Periodicals. 
650 0 |a Social policy  |v Periodicals. 
650 7 |a Social policy.  |2 fast  |0 (OCoLC)fst01122738 
650 7 |a Sociology.  |2 fast  |0 (OCoLC)fst01123875 
655 0 |a Electronic journals. 
710 2 |a MCB University Press. 
776 0 8 |i Also issued in print:  |t International journal of sociology and social policy  |x 0144-333X  |w (DLC) 82647107  |w (OCoLC)7680489 
780 0 0 |t Scottish journal of sociology  |x 0309-4006  |w (OCoLC)654129864 
850 |a DLC 
853 2 0 |8 1  |a v.  |b no.  |u 12  |v r  |i (year)  |w 12 
856 4 0 |z Full text available from Research Library: 08/31/1995 to 1 year ago  |u https://search.proquest.com/publication/38151 
863 4 1 |8 1.1  |a 18  |b 1  |i 1998